| Tag |
First Indicator |
Second Indicator |
Subfields |
| LEADER |
00000pam a2200000 a 4500 |
| 001 |
in00000588113 |
| 005 |
20151014081445.0 |
| 008 |
860814s1987 mau b s00110 eng |
| 010 |
|
|
|a 86019336
|
| 020 |
|
|
|a 0870235591 (alk. paper)
|
| 020 |
|
|
|a 0870235605 (pbk. : alk. paper)
|
| 035 |
|
|
|a (OCoLC)14165730
|
| 035 |
|
|
|9 ACQ0394AM
|
| 040 |
|
|
|a DLC
|c DLC
|d TXA
|d UtOrBLW
|
| 043 |
|
|
|a n-us---
|
| 049 |
|
|
|a TXAM
|c [A10878656]
|
| 050 |
0 |
0 |
|a JX1974.7
|b .W34 1987
|
| 082 |
0 |
|
|a 327.1/74/0973
|2 19
|
| 100 |
1 |
|
|a Waller, Douglas C.
|
| 245 |
1 |
0 |
|a Congress and the nuclear freeze :
|b an inside look at the politics of a mass movement /
|c Douglas C. Waller ; foreword by Edward M. Kennedy.
|
| 264 |
|
1 |
|a Amherst :
|b University of Massachusetts Press,
|c 1987.
|
| 300 |
|
|
|a xix, 346 pages ;
|c 24 cm.
|
| 336 |
|
|
|a text
|b txt
|2 rdacontent
|
| 337 |
|
|
|a unmediated
|b n
|2 rdamedia
|
| 338 |
|
|
|a volume
|b nc
|2 rdacarrier
|
| 500 |
|
|
|a Includes index.
|
| 504 |
|
|
|a Bibliography: pages [331]-338.
|
| 610 |
1 |
0 |
|a United States.
|b Congress.
|
| 650 |
|
0 |
|a Nuclear disarmament
|z United States.
|
| 650 |
|
0 |
|a Nuclear arms control
|z United States.
|
| 650 |
|
0 |
|a Antinuclear movement
|z United States.
|
| 999 |
|
|
|a MARS
|
| 999 |
f |
f |
|s 9b2ae7e7-eee8-3df8-9b8e-31edcdc5ff1b
|i a194653e-db91-3652-980f-1bb8617650d2
|t 0
|
| 952 |
f |
f |
|p ric
|a Texas A&M University
|b Rellis Campus
|c Joint Library Facility
|d Remote Storage
|t 0
|e JX1974.7 .W34 1987
|h Library of Congress classification
|i unmediated -- volume
|m A14810878656
|
| 998 |
f |
f |
|a JX1974.7 .W34 1987
|t 0
|l Remote Storage
|